000
00202nam a2200097Ia 4500
008
151213s9999 xx 000 0 und d
245
_a
Blank Cell
300
_a
8624 p.
650
_a
Textile
999
_c
4414
_d
4414